Road laws of Ohio, 1915.

Bibliographic Details
Corporate Author: Ohio
Format: Book
Language:English
Published: Columbus : The Ohio good roads federation, 1915.
Edition:1st ed.
Subjects:

MARC

Tag First Indicator Second Indicator Subfields
LEADER 00000cam a2200000 4500
001 in00000075356
005 20151008052629.0
008 790924s1915 ohu 00000 eng a
010 |a agr15001343  
035 |a (OCoLC)05421242 
035 |9 AAH4207AM 
040 |a DLC  |c CLE  |d TXA  |d UtOrBLW 
049 |a TXAM  |c [22661] 
090 |a TE324  |b .O3 1915 
092 |a 352.7  |b O37r 
110 1 |a Ohio. 
240 1 0 |a Laws, statutes, etc. 
245 1 0 |a Road laws of Ohio, 1915. 
250 |a 1st ed. 
264 1 |a Columbus :  |b The Ohio good roads federation,  |c 1915. 
300 |a xliv, 335 pages ;  |c 17 cm. 
336 |a text  |b txt  |2 rdacontent 
337 |a unmediated  |b n  |2 rdamedia 
338 |a volume  |b nc  |2 rdacarrier 
650 0 |a Highway law. 
999 |a MARS 
999 f f |s ffd4c9fc-7d7f-341e-87cd-e0d99ee310c8  |i 1f704e90-995f-3464-adaa-4a120f4082be  |t 0 
952 f f |p ric  |a Texas A&M University  |b Rellis Campus  |c Joint Library Facility  |d Remote Storage  |t 0  |e TE324 .O3 1915  |h Library of Congress classification  |i unmediated -- volume  |m A14800798309 
998 f f |a TE324 .O3 1915  |t 0  |l Remote Storage